000 00305nam a2200121Ia 4500
008 190216s9999||||xx |||||||||||||| ||und||
100 _aLester B Pearson
245 0 _aDemocracy In World Politics
260 _bOxford University Press
_c1960
300 _a120p
650 _aPolitical Science
942 _cBK
999 _c34745
_d34745